Annuario pontificio : (Record no. 94258)
[ view plain ]
| 000 -LEADER | |
|---|---|
| campo de control de longitud fija | 00471cam a2200169 4500 |
| 001 - NÚMERO DE CONTROL | |
| campo de control | 23791 |
| 005 - FECHA Y HORA DE LA ÚLTIMA TRANSACCIÓN | |
| campo de control | 20230410142347.0 |
| 008 - DATOS DE LONGITUD FIJA--INFORMACIÓN GENERAL | |
| campo de control de longitud fija | 060907n2005 vc spa |
| 020 ## - NÚMERO INTERNACIONAL ESTÁNDAR DEL LIBRO | |
| Número Internacional Estándar del Libro | 8820976781 |
| 035 ## - NÚMERO DE CONTROL DEL SISTEMA | |
| -- | funglode23959 |
| 050 14 - SIGNATURA TOPOGRÁFICA DE LA BIBLIOTECA DEL CONGRESO | |
| Número de clasificación | BX 845 |
| Número de ítem | A615 2005 |
| 245 0# - MENCIÓN DEL TÍTULO | |
| Título | Annuario pontificio : |
| Resto del título | per l'anno 2005 / |
| Mención de responsabilidad, etc. | Citta del Vaticano |
| 260 ## - PUBLICACIÓN, DISTRIBUCIÓN, ETC. | |
| Lugar de publicación, distribución, etc. | [Roma] : |
| Nombre del editor, distribuidor, etc. | Libreria Editrice Vaticana, |
| Fecha de publicación, distribución, etc. | 2005 |
| 300 ## - DESCRIPCIÓN FÍSICA | |
| Extensión | 2370 p. |
| Dimensiones | 18 cm. |
| 610 20 - PUNTO DE ACCESO ADICIONAL DE MATERIA--NOMBRE DE ENTIDAD CORPORATIVA | |
| Nombre de entidad corporativa o nombre de jurisdicción como elemento de entrada | Catholic Church |
| 942 ## - ELEMENTOS DE ENTRADA SECUNDARIOS (KOHA) | |
| Fuente del sistema de clasificación o colocación | Clasificación de Library of Congress |
| Tipo de ítem Koha | |
| Estatus retirado | Estado de pérdida | Fuente del sistema de clasificación o colocación | Estado de daño | No para préstamo | Colección | Biblioteca de origen | Biblioteca actual | Ubicación en estantería | Fecha de adquisición | Serial enumeration / chronology | Signatura topográfica completa | Código de barras | Visto por última vez | Copia número | Tipo de ítem Koha |
|---|---|---|---|---|---|---|---|---|---|---|---|---|---|---|---|
| Clasificación de Library of Congress | Humanidades | Biblioteca Juan Bosch | Biblioteca Juan Bosch | Humanidades (4to. Piso) | 17/11/2018 | 1 | BX 845 A615 2005 | 00000024991 | 17/11/2018 | 1 |
